Score 0/30 Timer 07:00
2 Plays Today
% Correct
Michael Jackson
97.4%
Lisa Simpson
94.2%
Barack Obama
93.1%
Captain Jack Sparrow
92.3%
Osama bin Laden
91.1%
Miss Piggy
90%
Na'vi
89.1%
Gene Simmons
88.6%
Legos
87.5%
Snow White
86.5%
Princess Leia
82.8%
Paris Hilton
80.7%
Madonna
79%
Cleopatra
78%
Elvis Presley
75.4%
% Correct
Cher
74.7%
Amy Winehouse
70.5%
Lady Gaga
69.7%
Nicole 'Snooki' Polizzi
67.8%
Vincent van Gogh
66.6%
Ozzy Osbourne
66.4%
Vin Diesel
66.3%
Hillary Rodham Clinton
60%
Katy Perry
59.7%
Jack Torrance
58.1%
Susan Boyle
57.4%
Demi Moore
47.9%
Angelina Jolie
37.4%
Leonardo da Vinci
31.7%
The Far Side cow
29.1%
Remove Ads.
Support Sporcle.
Get the best of Sporcle when you Go Orange. This ad-free experience offers more features, more stats, and more fun while also helping to support Sporcle. Thank you for becoming a member.

You're not logged in!

Compare scores with friends on all Sporcle quizzes.
OR
Log In

Show Comments

Extras

Top Quizzes Today


Score Distribution

Your Account Isn't Verified!

In order to create a playlist on Sporcle, you need to verify the email address you used during registration. Go to your Sporcle Settings to finish the process.

Report this User

Report this user for behavior that violates our Community Guidelines.

Details: